<?xml version="1.0" encoding="UTF-8"?>
<record
    xmlns:xsi="http://www.w3.org/2001/XMLSchema-instance"
    xsi:schemaLocation="http://www.loc.gov/MARC21/slim http://www.loc.gov/standards/marcxml/schema/MARC21slim.xsd"
    xmlns="http://www.loc.gov/MARC21/slim">

  <leader>00383nam a22001457a 4500</leader>
  <controlfield tag="003">OSt</controlfield>
  <controlfield tag="005">20251126141742.0</controlfield>
  <controlfield tag="007">720 pages</controlfield>
  <controlfield tag="008">251126b        |||||||| |||| 00| 0 eng d</controlfield>
  <datafield tag="040" ind1=" " ind2=" ">
    <subfield code="c"> </subfield>
  </datafield>
  <datafield tag="245" ind1=" " ind2=" ">
    <subfield code="a">Elements of Workshop technology Vol.2</subfield>
    <subfield code="b">Machine tools</subfield>
    <subfield code="c">Choudhury,Hajra,S.K</subfield>
  </datafield>
  <datafield tag="250" ind1=" " ind2=" ">
    <subfield code="a">16</subfield>
  </datafield>
  <datafield tag="260" ind1=" " ind2=" ">
    <subfield code="b">Media Promoters</subfield>
    <subfield code="c">2023</subfield>
  </datafield>
  <datafield tag="942" ind1=" " ind2=" ">
    <subfield code="2">ddc</subfield>
    <subfield code="c">BK</subfield>
    <subfield code="e">16</subfield>
    <subfield code="k">621.9</subfield>
    <subfield code="m">CHO</subfield>
    <subfield code="n">0</subfield>
  </datafield>
  <datafield tag="999" ind1=" " ind2=" ">
    <subfield code="c">36293</subfield>
    <subfield code="d">36293</subfield>
  </datafield>
  <datafield tag="952" ind1=" " ind2=" ">
    <subfield code="0">0</subfield>
    <subfield code="1">0</subfield>
    <subfield code="2">ddc</subfield>
    <subfield code="4">0</subfield>
    <subfield code="7">0</subfield>
    <subfield code="8">MECHANICAL</subfield>
    <subfield code="a">CRCE</subfield>
    <subfield code="b">CRCE</subfield>
    <subfield code="d">2025-11-26</subfield>
    <subfield code="g">330.00</subfield>
    <subfield code="i">AO/25/11/733 dt 24.11.2025</subfield>
    <subfield code="l">0</subfield>
    <subfield code="o">621.9/CHO</subfield>
    <subfield code="p">27007</subfield>
    <subfield code="r">2025-11-26</subfield>
    <subfield code="w">2025-11-26</subfield>
    <subfield code="y">BK</subfield>
  </datafield>
  <datafield tag="952" ind1=" " ind2=" ">
    <subfield code="0">0</subfield>
    <subfield code="1">0</subfield>
    <subfield code="2">ddc</subfield>
    <subfield code="4">0</subfield>
    <subfield code="7">0</subfield>
    <subfield code="8">MECHANICAL</subfield>
    <subfield code="a">CRCE</subfield>
    <subfield code="b">CRCE</subfield>
    <subfield code="d">2025-11-26</subfield>
    <subfield code="g">330.00</subfield>
    <subfield code="i">AO/25/11/733 dt 24.11.2025</subfield>
    <subfield code="l">0</subfield>
    <subfield code="o">621.9/CHO</subfield>
    <subfield code="p">27008</subfield>
    <subfield code="r">2025-11-26</subfield>
    <subfield code="w">2025-11-26</subfield>
    <subfield code="y">BK</subfield>
  </datafield>
  <datafield tag="952" ind1=" " ind2=" ">
    <subfield code="0">0</subfield>
    <subfield code="1">0</subfield>
    <subfield code="2">ddc</subfield>
    <subfield code="4">0</subfield>
    <subfield code="7">0</subfield>
    <subfield code="8">MECHANICAL</subfield>
    <subfield code="a">CRCE</subfield>
    <subfield code="b">CRCE</subfield>
    <subfield code="d">2025-11-26</subfield>
    <subfield code="g">330.00</subfield>
    <subfield code="i">AO/25/11/733 dt 24.11.2025</subfield>
    <subfield code="l">0</subfield>
    <subfield code="o">621.9/CHO</subfield>
    <subfield code="p">27009</subfield>
    <subfield code="r">2025-11-26</subfield>
    <subfield code="w">2025-11-26</subfield>
    <subfield code="y">BK</subfield>
  </datafield>
  <datafield tag="952" ind1=" " ind2=" ">
    <subfield code="0">0</subfield>
    <subfield code="1">0</subfield>
    <subfield code="2">ddc</subfield>
    <subfield code="4">0</subfield>
    <subfield code="7">0</subfield>
    <subfield code="8">MECHANICAL</subfield>
    <subfield code="a">CRCE</subfield>
    <subfield code="b">CRCE</subfield>
    <subfield code="d">2025-11-26</subfield>
    <subfield code="g">330.00</subfield>
    <subfield code="i">AO/25/11/733 dt 24.11.2025</subfield>
    <subfield code="l">0</subfield>
    <subfield code="o">621.9/CHO</subfield>
    <subfield code="p">27010</subfield>
    <subfield code="r">2025-11-26</subfield>
    <subfield code="w">2025-11-26</subfield>
    <subfield code="y">BK</subfield>
  </datafield>
  <datafield tag="952" ind1=" " ind2=" ">
    <subfield code="0">0</subfield>
    <subfield code="1">0</subfield>
    <subfield code="2">ddc</subfield>
    <subfield code="4">0</subfield>
    <subfield code="7">0</subfield>
    <subfield code="8">MECHANICAL</subfield>
    <subfield code="a">CRCE</subfield>
    <subfield code="b">CRCE</subfield>
    <subfield code="d">2025-11-26</subfield>
    <subfield code="g">330.00</subfield>
    <subfield code="i">AO/25/11/733 dt 24.11.2025</subfield>
    <subfield code="l">0</subfield>
    <subfield code="o">621.9/CHO</subfield>
    <subfield code="p">27011</subfield>
    <subfield code="r">2025-11-26</subfield>
    <subfield code="w">2025-11-26</subfield>
    <subfield code="y">BK</subfield>
  </datafield>
  <datafield tag="952" ind1=" " ind2=" ">
    <subfield code="0">0</subfield>
    <subfield code="1">0</subfield>
    <subfield code="2">ddc</subfield>
    <subfield code="4">0</subfield>
    <subfield code="7">0</subfield>
    <subfield code="8">MECHANICAL</subfield>
    <subfield code="a">CRCE</subfield>
    <subfield code="b">CRCE</subfield>
    <subfield code="d">2025-11-26</subfield>
    <subfield code="g">330.00</subfield>
    <subfield code="i">AO/25/11/733 dt 24.11.2025</subfield>
    <subfield code="l">0</subfield>
    <subfield code="o">621.9/CHO</subfield>
    <subfield code="p">27012</subfield>
    <subfield code="r">2025-11-26</subfield>
    <subfield code="w">2025-11-26</subfield>
    <subfield code="y">BK</subfield>
  </datafield>
  <datafield tag="952" ind1=" " ind2=" ">
    <subfield code="0">0</subfield>
    <subfield code="1">0</subfield>
    <subfield code="2">ddc</subfield>
    <subfield code="4">0</subfield>
    <subfield code="7">0</subfield>
    <subfield code="8">MECHANICAL</subfield>
    <subfield code="a">CRCE</subfield>
    <subfield code="b">CRCE</subfield>
    <subfield code="d">2025-11-26</subfield>
    <subfield code="g">330.00</subfield>
    <subfield code="i">AO/25/11/733 dt 24.11.2025</subfield>
    <subfield code="l">0</subfield>
    <subfield code="o">621.9/CHO</subfield>
    <subfield code="p">27013</subfield>
    <subfield code="r">2025-11-26</subfield>
    <subfield code="w">2025-11-26</subfield>
    <subfield code="y">BK</subfield>
  </datafield>
  <datafield tag="952" ind1=" " ind2=" ">
    <subfield code="0">0</subfield>
    <subfield code="1">0</subfield>
    <subfield code="2">ddc</subfield>
    <subfield code="4">0</subfield>
    <subfield code="7">0</subfield>
    <subfield code="8">MECHANICAL</subfield>
    <subfield code="a">CRCE</subfield>
    <subfield code="b">CRCE</subfield>
    <subfield code="d">2025-11-26</subfield>
    <subfield code="g">330.00</subfield>
    <subfield code="i">AO/25/11/733 dt 24.11.2025</subfield>
    <subfield code="l">0</subfield>
    <subfield code="o">621.9/CHO</subfield>
    <subfield code="p">27014</subfield>
    <subfield code="r">2025-11-26</subfield>
    <subfield code="w">2025-11-26</subfield>
    <subfield code="y">BK</subfield>
  </datafield>
  <datafield tag="952" ind1=" " ind2=" ">
    <subfield code="0">0</subfield>
    <subfield code="1">0</subfield>
    <subfield code="2">ddc</subfield>
    <subfield code="4">0</subfield>
    <subfield code="7">0</subfield>
    <subfield code="8">MECHANICAL</subfield>
    <subfield code="a">CRCE</subfield>
    <subfield code="b">428</subfield>
    <subfield code="d">2025-11-26</subfield>
    <subfield code="g">330.00</subfield>
    <subfield code="i">AO/25/11/733 dt 24.11.2025</subfield>
    <subfield code="l">1</subfield>
    <subfield code="o">621.9/CHO</subfield>
    <subfield code="p">27015</subfield>
    <subfield code="r">2026-01-07</subfield>
    <subfield code="s">2025-12-26</subfield>
    <subfield code="w">2025-11-26</subfield>
    <subfield code="y">BK</subfield>
  </datafield>
  <datafield tag="952" ind1=" " ind2=" ">
    <subfield code="0">0</subfield>
    <subfield code="1">0</subfield>
    <subfield code="2">ddc</subfield>
    <subfield code="4">0</subfield>
    <subfield code="7">0</subfield>
    <subfield code="8">MECHANICAL</subfield>
    <subfield code="a">CRCE</subfield>
    <subfield code="b">428</subfield>
    <subfield code="d">2025-11-26</subfield>
    <subfield code="g">330.00</subfield>
    <subfield code="i">AO/25/11/733 dt 24.11.2025</subfield>
    <subfield code="l">1</subfield>
    <subfield code="o">621.9/CHO</subfield>
    <subfield code="p">27016</subfield>
    <subfield code="r">2026-01-03</subfield>
    <subfield code="s">2025-12-26</subfield>
    <subfield code="w">2025-11-26</subfield>
    <subfield code="y">BK</subfield>
  </datafield>
</record>
